000 00658nam a2200229 a 4500
001 BRL_1186
005 20190320211056.0
008 221113s1947----enka######---#000-0#eng-#
041 _aeng
044 _aenk
050 4 _aNA3780
_b.D46 1947
100 1 _aDemus, Otto
_926048
245 1 0 _aByzantine mosaic decoration
_bAspects of monumental art in Byzantium
_cOtto Demus.
260 _aLondon
_bKegan Paul Trench Trubner
_c1947
300 _axiii, 97 p.
_bil., 64 láminas
_c25 cm.
500 _aAu1362
650 1 4 _aMosaicos
_926049
650 1 4 _aArte bizantino
_918517
650 1 4 _aArte cristiano y simbolismo
_92565
902 _aGRL
942 _2lcc
_cB
999 _c9998
_d9998